1680 1403 1620 1985 1627 1223 1243 1440 1720 1274 1026 1389 1892 1850 1053 1120 1943 1508 1871 1664 1333 1448 1462 1526 1727 1797 1262 1533 1472 1406 1725 1259 1049 1229 1259 1417 1781 1170 1754 1424 1496 1234 1407 1913 1148 1405 1845 1540 1432 1815 1664 1285 1097 1687 1150 1332 1332 1405 1332 1618 1636 1353 1688 1375 1664 1812 1421 1771 1551 1369 1569 1349 1267 1640 1072 1079 1281 1189 1326 1088 1754 1316 1997 1693 1546 1248 1764 1016 1351 1629 1915 1132 1141 1165 1887 1457 1154 1815 1861 BCNSPRNW ULIB Ver.6.0+V

เปลี่ยนเป็นภาษาไทย

Change to English
 แสดงรายละเอียดบรรณานุกรม
  กลับหน้าหลัก

Brief Record : Get Marc (ISO 2709) : E-mail record : QR code < ปิดหน้าต่าง
LEADER : 00000nam 2200000uu 4500
001    13399121863
003     ULIB
008    121212s2552||||th 000 0 tha d
020    ^a9789746606288
060 04 ^aWE544^bฟ479 2552
245 00 ^aฟื้นฟูวิชาการโรคข้อและรูมาติสซั่มประจำปี 2552 /^cบรรณาธิการ, กิตติ โตเต็มโชคชัยการ
250    ^aพิมพ์ครั้งที่ 1
260    ^aกรุงเทพฯ :^bสมาคมรูมาติสซั่มแห่งประเทศไทย,^c2552
300    ^a242 หน้า :^bภาพประกอบ ;^c21 ซม.
650  7 ^aข้ออักเสบรูห์มาตอยด์^vการประชุม
650  7 ^aข้อ, โรค^vการประชุม
650  7 ^aกระดูก, โรค^vการประชุม
650  7 ^aรูห์มาติสม^vการประชุม
700 0  ^aกิตติ โตเต็มโชคชัยการ,^eบรรณาธิการ
710 2  ^aสมาคมรูมาติสซั่มแห่งประเทศไทย
945    ^p0^l0^i15681
945    ^p0^l0^i15680
995    ^aกัณชพร
999 ^a ใช้งานได้ทุกระบบ
รายการนี้ยังไม่มีแท็ก
คุณยังไม่ได้ล็อกอิน คุณสามารถมีกิจกรรมร่วมกับเว็บไซต์ได้ แต่ต้องล็อกอินก่อน ::
  ล็อกอิน

รายการสื่อสารสนเทศ

ลำดับที่ ประเภท เลขเรียก/บาร์โค้ด สถานที่ สถานะ
- ไม่พบข้อมูล -

BibComment


ยังไม่เคยถูกคอมเมนท์

คอมเมนท์ทรัพยากรรายการนี้
  คอมเมนท์: ฟื้นฟูวิชาการโรค..


 Copyright 2026. Bcnsprnw @Library